Countries with DAN, GAN or HAN - Statistics

General Stats
  • This quiz has been taken 30 times
  • The average score is 4 of 6
Answer Stats
DAN % Correct
Sudan
92%
South Sudan
88%
Ghana
68%
Uganda
68%
Jordan
60%
Afghanistan
56%
No matching quizzes found
Score Distribution
Percent of People with Each Score
Percentile by Number Answered
Your Score History
You have not taken this quiz